[Event "Collado Villalba op 39th"]
[Site "Collado Villalba"]
[Date "2022.08.26"]
[Round "7"]
[White "Cao Armillas, Jesus"]
[Black "Verde Noriega, Jesus Alberto"]
[Result "1-0"]
[WhiteElo "2019"]
[BlackElo "1686"]
[PlyCount "125"]
[EventDate "2022.08.20"]
[EventType "swiss"]
[EventRounds "9"]
[EventCountry "ESP"]
[SourceTitle "EXT 2023"]
[Source "ChessBase"]
[SourceDate "2022.10.05"]
[SourceVersion "1"]
[SourceVersionDate "2022.10.05"]
[SourceQuality "1"]

1. d4 e6 2. Nf3 f5 3. g3 Nf6 4. Bg2 Be7 5. 0-0 0-0 6. c4 d5 7. Nbd2 c6 8. Ne5 Nbd7 9. Nd3 Qe8 10. Qc2 Bd6 11. Nf3 Ne4 12. Bf4 Bxf4 13. Nxf4 g5 14. Nd3 Qh5 15. Nfe5 Nef6 16. f3 Nxe5 17. dxe5 dxc4 18. Qxc4 Nd5 19. Qc5 f4 20. g4 Qg6 21. Rac1 Bd7 22. Rfd1 b6 23. Qa3 c5 24. b4 Ne3 25. Nxc5 Bb5 26. Nd7 Bxd7 27. Rxd7 Rf7 28. Rd6 Re8 29. Qd3 Qg7 30. Qd4 Rc7 31. Rcc6 Rxc6 32. Rxc6 Qe7 33. Rd6 Qc7 34. Kf2 Re7 35. a4 Qc4 36. Rd8+ Kf7 37. Qd3 Qxd3 38. exd3 Rc7 39. Bf1 Rc2+ 40. Be2 Rc7 41. b5 Nd5 42. Bd1 Ne3 43. Bb3 Re7 44. Rd6 h6 45. d4 Re8 46. Ke2 Re7 47. Kd3 Nf1 48. d5 Nxh2 49. dxe6+ Ke8 50. Ke2 Rc7 51. Rc6 Rb7 52. Rc8+ Ke7 53. Rh8 Rc7 54. Rh7+ Kd8 55. Rxc7 Kxc7 56. Kf2 Kd8 57. Kg2 Nxg4 58. fxg4 Ke7 59. Kf3 Kf8 60. Ke4 Ke7 61. Bd5 Ke8 62. Kf5 Ke7 63. Bf3 1-0

[Event "Collado Villalba op 38th"]
[Site "Collado Villalba"]
[Date "2021.08.29"]
[Round "9"]
[White "Verde Noriega, Jesus Alberto"]
[Black "Rojas Fernandez, Antonio"]
[Result "1/2-1/2"]
[WhiteElo "1752"]
[BlackElo "1642"]
[PlyCount "90"]
[EventDate "2021.08.21"]
[EventType "swiss"]
[EventRounds "9"]
[EventCountry "ESP"]
[SourceTitle "EXT 2022"]
[Source "ChessBase"]
[SourceDate "2021.10.06"]
[SourceVersion "1"]
[SourceVersionDate "2021.10.06"]
[SourceQuality "1"]

1. e4 d5 2. exd5 Qxd5 3. Nc3 Qa5 4. d4 Nf6 5. Bd2 c6 6. Bc4 Bf5 7. Nd5 Qd8 8. Nxf6+ gxf6 9. Bf4 e6 10. Ne2 Bd6 11. Qd2 Qc7 12. 0-0-0 Nd7 13. Bxd6 Qxd6 14. Ng3 Bg6 15. f3 Nb6 16. Bb3 f5 17. Qg5 Qe7 18. Qf4 0-0-0 19. Rhe1 Qc7 20. Qxc7+ Kxc7 21. f4 Nd5 22. Bxd5 cxd5 23. Rd3 a6 24. Rc3+ Kd6 25. Ree3 Rc8 26. Kd2 b5 27. b4 Rxc3 28. Rxc3 Kd7 29. Ne2 Ra8 30. Ra3 Kc6 31. Nc1 Kb6 32. Nb3 Bh5 33. Na5 Rc8 34. Rc3 Rxc3 35. Kxc3 Be2 36. Nb3 Bc4 37. Nc1 Kc6 38. Kd2 Kd6 39. a3 Kd7 40. Ke3 Ke7 41. Kf3 Kf6 42. c3 Kg6 43. h3 h5 44. Kg3 Kh6 45. Kh4 Kg6 1/2-1/2

[Event "Collado Villalba op 38th"]
[Site "Collado Villalba"]
[Date "2021.08.26"]
[Round "6"]
[White "Gonzalez Pinar, Adrian"]
[Black "Verde Noriega, Jesus Alberto"]
[Result "1-0"]
[WhiteElo "1961"]
[BlackElo "1752"]
[PlyCount "93"]
[EventDate "2021.08.21"]
[EventType "swiss"]
[EventRounds "9"]
[EventCountry "ESP"]
[SourceTitle "CBM 204 Extra"]
[Source "ChessBase"]
[SourceDate "2021.11.30"]
[SourceVersion "1"]
[SourceVersionDate "2021.11.30"]
[SourceQuality "1"]

1. d4 e6 2. c4 f5 3. Nf3 Nf6 4. g3 d5 5. Bg2 c6 6. 0-0 Bd6 7. Bf4 Bxf4 8. gxf4 0-0 9. e3 Nbd7 10. Nbd2 Ne4 11. Qe2 Qe8 12. Ne5 Nxd2 13. Qxd2 Nxe5 14. fxe5 b6 15. Rac1 Ba6 16. b3 Rc8 17. f4 Kh8 18. Kh1 Rg8 19. Rg1 g5 20. fxg5 Qh5 21. Qf2 Rxg5 22. Bf3 Rxg1+ 23. Rxg1 Qf7 24. cxd5 cxd5 25. Qh4 Rg8 26. Rxg8+ Kxg8 27. Bh5 Qf8 28. Qg5+ Kh8 29. h4 Bd3 30. Kh2 Be4 31. Qf6+ Qxf6 32. exf6 Kg8 33. Kg3 b5 34. b4 h6 35. Kf4 Kf8 36. Ke5 Bg2 37. Kxe6 Be4 38. Kd6 Bg2 39. Kc5 a6 40. Kb6 f4 41. exf4 Bf1 42. Kxa6 Bc4 43. Kb6 Bd3 44. Kc5 Bc4 45. a3 Kg8 46. Be8 Kf8 47. Bxb5 1-0

[Event "Collado Villalba op 38th"]
[Site "Collado Villalba"]
[Date "2021.08.25"]
[Round "5"]
[White "Verde Noriega, Jesus Alberto"]
[Black "Longa Yauca, Javier"]
[Result "0-1"]
[WhiteElo "1752"]
[BlackElo "2235"]
[PlyCount "106"]
[EventDate "2021.08.21"]
[EventType "swiss"]
[EventRounds "9"]
[EventCountry "ESP"]
[SourceTitle "CBM 204 Extra"]
[Source "ChessBase"]
[SourceDate "2021.11.30"]
[SourceVersion "1"]
[SourceVersionDate "2021.11.30"]
[SourceQuality "1"]

1. d4 Nf6 2. e3 d6 3. Nf3 Nbd7 4. Bd3 e5 5. Nbd2 g6 6. c3 Bg7 7. 0-0 0-0 8. Re1 Re8 9. e4 Nf8 10. d5 Nh5 11. Bb5 Bd7 12. Bxd7 Qxd7 13. Nf1 h6 14. Ng3 Nf4 15. h3 Nh7 16. Ne2 Nxe2+ 17. Qxe2 f5 18. Nd2 Rf8 19. f3 h5 20. c4 f4 21. b4 Bf6 22. Nf1 Bh4 23. Rd1 Rf7 24. Bd2 Rg7 25. Be1 Bxe1 26. Qxe1 g5 27. Nh2 Nf6 28. g4 fxg3 29. Qxg3 g4 30. Kh1 gxh3 31. Qh4 Kf7 32. Rg1 Rag8 33. Rxg7+ Rxg7 34. Rg1 Rxg1+ 35. Kxg1 Qa4 36. Qxh3 Qxb4 37. Qe6+ Kg6 38. Qf5+ Kg7 39. Nf1 Qxc4 40. Qg5+ Kf7 41. Ng3 Qd4+ 42. Kh2 Qf2+ 43. Kh1 Qxf3+ 44. Kg1 Qg4 45. Qxg4 hxg4 46. Kf2 Kg6 47. Ke3 Kg5 48. a4 a5 49. Nf5 Nxd5+ 50. Kf2 Nc3 51. Ke3 Nxa4 52. Ne7 Nc5 53. Nd5 a4 0-1

[Event "Collado Villalba 64 op 7th"]
[Site "Collado Villalba"]
[Date "2019.08.03"]
[Round "8"]
[White "Cujba, Anca Claudia"]
[Black "Verde Noriega, Jesus Alberto"]
[Result "1-0"]
[WhiteElo "1620"]
[BlackElo "1820"]
[PlyCount "163"]
[EventDate "2019.07.29"]
[EventType "swiss"]
[EventRounds "9"]
[EventCountry "ESP"]
[SourceTitle "CBM 195 Extra"]
[Source "ChessBase"]
[SourceDate "2020.05.31"]
[SourceVersion "1"]
[SourceVersionDate "2020.05.31"]
[SourceQuality "1"]

1. d4 d5 2. Bf4 c6 3. e3 e6 4. Nf3 f5 5. c4 Nf6 6. Be2 Bb4+ 7. Nc3 Ne4 8. Rc1 Qa5 9. Qb3 0-0 10. c5 Nd7 11. a3 Bxc3+ 12. bxc3 h6 13. Ne5 Nxe5 14. Bxe5 Kh7 15. Qb2 Qd8 16. 0-0 Rf7 17. c4 b6 18. cxd5 exd5 19. cxb6 axb6 20. Rxc6 Rfa7 21. f3 Ng5 22. Rxb6 Rxa3 23. Rd6 Qa5 24. Qb6 Qxb6 25. Rxb6 Rxe3 26. Bb5 Rb3 27. Bc6 Rxb6 28. Bxa8 Ba6 29. Rc1 Bc4 30. Ra1 Kg6 31. h4 Nf7 32. Bc7 Re6 33. Bg3 Re7 34. Ra5 Rd7 35. Bc6 Rd8 36. Kf2 h5 37. Ke3 Kf6 38. Rc5 Ke6 39. Bc7 Rc8 40. Bb7 Re8 41. Bg3 Kd7+ 42. Kf4 Re2 43. Kxf5 Bd3+ 44. Kf4 Rxg2 45. Bxd5 Nd6 46. Ba8 g6 47. Ra5 Nf5 48. Rd5+ Ke6 49. Be1 Ra2 50. Re5+ Kf6 51. Be4 Ra3 52. Bb4 Rb3 53. Bc5 Be2 54. Bd5 Rb2 55. Be4 Bc4 56. Bxf5 gxf5 57. Rxf5+ Kg6 58. Rg5+ Kf7 59. Rxh5 Be2 60. Rg5 Rb3 61. Rg3 Rb1 62. h5 Rh1 63. Kg5 Kg7 64. Bd6 Kh7 65. Be5 Rb1 66. f4 Rh1 67. Kf6 Bxh5 68. d5 Be8 69. Ke7 Ba4 70. d6 Rd1 71. Rg7+ Kh6 72. Rg3 Kh5 73. f5 Re1 74. Kf6 Bd7 75. Rg5+ Kh6 76. Rg2 Kh7 77. Kf7 Kh6 78. Bg7+ Kh5 79. f6 Be6+ 80. Kf8 Rd1 81. Ke7 Re1 82. Rg3 1-0

[Event "Collado Villalba 64 op 7th"]
[Site "Collado Villalba"]
[Date "2019.07.30"]
[Round "2"]
[White "Guerrero Vargas, Andres Jesus"]
[Black "Verde Noriega, Jesus Alberto"]
[Result "1-0"]
[WhiteElo "2331"]
[BlackElo "1820"]
[PlyCount "75"]
[EventDate "2019.07.29"]
[EventType "swiss"]
[EventRounds "9"]
[EventCountry "ESP"]
[SourceTitle "CBM 195 Extra"]
[Source "ChessBase"]
[SourceDate "2020.05.31"]
[SourceVersion "1"]
[SourceVersionDate "2020.05.31"]
[SourceQuality "1"]

1. Nf3 d5 2. c4 Nf6 3. cxd5 Nxd5 4. e4 Nb6 5. d4 e6 6. Nc3 c5 7. Be3 cxd4 8. Qxd4 Qxd4 9. Nxd4 Bb4 10. Ndb5 Na6 11. Nxa7 Bc5 12. Bxa6 Bxe3 13. Bb5+ Bd7 14. Bxd7+ Nxd7 15. Nab5 Bf4 16. g3 Be5 17. 0-0-0 Bxc3 18. Nxc3 Ke7 19. Rd2 Ne5 20. Rhd1 Rhd8 21. Rxd8 Rxd8 22. Rxd8 Kxd8 23. f4 Nf3 24. h4 Nd4 25. Kd2 f6 26. Kd3 Nc6 27. Kc4 Kc7 28. Nb5+ Kd7 29. Nd4 Nd8 30. f5 exf5 31. exf5 g6 32. fxg6 hxg6 33. Kd5 Nf7 34. Ne6 Ne5 35. Nc5+ Kc7 36. Ke6 b6 37. Ne4 Nd3 38. Kxf6 1-0

[Event "Caracas VII Aniversario Ciencias U.C.V."]
[Site "Caracas"]
[Date "2015.04.01"]
[Round "2.1"]
[White "Verde Noriega, Jesus Alberto"]
[Black "Palomo, Franklin Annervys"]
[Result "0-1"]
[WhiteElo "1879"]
[BlackElo "2300"]
[PlyCount "64"]
[EventDate "2015.04.01"]
[EventType "swiss"]
[EventRounds "9"]
[EventCountry "VEN"]
[SourceTitle "EXT 2022"]
[Source "ChessBase"]
[SourceDate "2021.10.06"]
[SourceVersion "1"]
[SourceVersionDate "2021.10.06"]
[SourceQuality "1"]

1. d4 d5 2. Nf3 Nf6 3. e3 e6 4. Bd3 c5 5. c3 Be7 6. Nbd2 Nc6 7. 0-0 0-0 8. Re1 b6 9. e4 dxe4 10. Nxe4 cxd4 11. cxd4 Bb7 12. Ng3 Qd5 13. Be3 Rfd8 14. Bc2 Rac8 15. Bb3 Qd6 16. a3 Na5 17. Ba2 Nc4 18. Qe2 Bd5 19. b4 Rc7 20. Bxc4 Bxc4 21. Qd2 Qd5 22. Rac1 b5 23. Rc2 a5 24. Rec1 axb4 25. axb4 Ne4 26. Nxe4 Qxe4 27. Ne5 Bxb4 28. Qxb4 Bd5 29. Nf3 Rxc2 30. Ra1 Qg6 31. Ne1 Re2 32. g3 Qe4 0-1